• 首页
  • 本馆介绍
  • 公告通知
  • 最新文献
  • 馆藏检索
  • 电子资源
  • 读者导购
  • 参考咨询
  • 我的图书馆
  • 登录
  • 详细信息显示
  • 放入我的书架
  • 预约/预借图书
  • 作者相关作品
  • 分类相关作品
  • 丛书相关作品
  • 出版社相关作品

书目信息

  • 表格格式
  • 工作单格式
  • 卡片格式
题名:
北平和平解放前后
    
 
作者: ;北京市档案馆 编
分册:  
出版信息: 北京   北京出版社  1988.12
页数: 516页
开本: 20cm
丛书名:
单 册:
中图分类: K291 , K266.06
科图分类:
主题词: 中国--历史
电子资源:
ISBN: 7-200-00691-2
000 00767nam2 2200253 45
001 0189029118
005 20040518091015.9
010    @a7-200-00691-2@b精装@dCNY8.75
020    @aCN@b89029118
100    @a19911017d1988 m y0chiy0120 ea
101 0  @achi
102    @aCN@b110000
105    @af z 000yy
106    @ar
200 10 @a北平和平解放前后@Abei ping he ping jie fang qian hou@f北京市档案馆编@Fbei jing shi dang an guan bian
210    @a北京@c北京出版社@d1988.12
215    @a516页@c照片@d20cm
540 1  @a北平 和平解放@Abei ping he ping jie fang
606 0  @a中国@x历史
690    @aK291@v1980
690    @aK266.06
711 02 @a北京市档案馆@Abei jing shi dang an guan@4编
801  0 @aCN@bNLC@c19911017
905    @f3@b255005-007@dK266.06@e35
    
    北平和平解放前后/北京市档案馆编.-北京:北京出版社,1988.12
    516页:照片;20cm
    
    
    ISBN 7-200-00691-2(精装):CNY8.75
    
●
相关链接 在E读中查询图书 在五车中查询图书 在当当中查询图书 在豆瓣中查询图书


正题名:北平和平解放前后     索取号:K266.06/35         预约/预借

序号 登录号 条形码 馆藏地/架位号 状态 备注
1 0255005   000353352   密集书库/ [索取号:K266.06/35] 在馆    
2 0255006   000353343   密集书库/ [索取号:K266.06/35] 在馆    
3 0255007   000353334   第二借阅区/ [索取号:K266.06/35] 在馆    
唐山师范学院图书馆 欢迎您!
大连网信软件有限公司© 版权所有